Logo BPK

Biblioteka

Politechniki Koszalińskiej

Allgemeine Betriebswirtschaftslehre. (Rekord nr 30980)

Szczegóły MARC
000 -ETYKIETA REKORDU
podpole kontrolne o stałej długości 01122nam a2200337 i 4500
001 - NUMER KONTROLNY REKORDU
pole kontrolne bg
020 ## - MIĘDZYNARODOWY ZNORMALIZOWANY NUMER KSIĄŻKI - ISBN
ISBN 3437403044 ((Fisher))
020 ## - MIĘDZYNARODOWY ZNORMALIZOWANY NUMER KSIĄŻKI - ISBN
ISBN 3825210820 ((UTB))
040 ## - ŹRÓDŁO KATALOGOWANIA
Instytucja, która utworzyła rekord BPK
041 0# - KOD JĘZYKA
Kod języka tekstu de
080 ## - UNIWERSALNA KLASYFIKACJA DZIESIĘTNA - UKD
UKD 65.01
920 ## - Międzynarodowy znormalizowany numer książki – ISBN
ISBN 3-437-40304-4 ((Fisher))
920 ## - Międzynarodowy znormalizowany numer książki – ISBN
ISBN 3-8252-1082-0 ((UTB))
008 - POLE O STAŁEJ DŁUGOŚCI - DANE KONTROLNE
podpole kontrolne o stałej długości s pl f |000 0 pol
100 1# - NAZWA OSOBOWA
Nazwa osobowa BEA, F. X.
245 00 - TYTUŁ/ODPOWIEDZIALNOŚĆ
Tytuł Allgemeine Betriebswirtschaftslehre.
Oznaczenie części/sekcji dzieła Bd. 2,
Tytuł części/sekcji dzieła Führung /
Pozostałe elementy strefy tytułu i oznaczenia odpowiedzialności mit Beiträgen von M. Schweitzer [ et. al.] ; hrsg. von F. X. Bea, E. Dichtl und M. Schweitzer.
250 ## - STREFA WYDANIA
Oznaczenie wydania 6., neubearb. Aufl.
260 ## - STREFA ADRESU WYDAWNICZEGO
Miejsce wydania Stuttgart ;
-- Jena :
Nazwa wydawcy/dystrybutora Gustav Fischer,
Data publikacji, dystrybucji/powstania dokumentu 1993.
300 ## - STREFA OPISU FIZYCZNEGO
Objętość 612 s. :
Inne cechy fizyczne wykr. ;
Rozmiary 20 cm.
490 1# - STREFA SERII I DOKUMENTU WIELOCZĘŚCIOWEGO - FORMA NIE DO WYSZUKIWANIA
Tytuł i oznaczenie odpowiedzialności serii Grundwissen der Ökonomik : Betriebswirtschaftslehre
490 1# - STREFA SERII I DOKUMENTU WIELOCZĘŚCIOWEGO - FORMA NIE DO WYSZUKIWANIA
Tytuł i oznaczenie odpowiedzialności serii UTB für Wissenschaft : Uni-Taschenbücher ;
Numeracja w obrębie serii 1082
504 ## - UWAGA DOTYCZĄCA BIBLIOGRAFII
Informacje o bibliografii Bibliogr. przy rozdz. Indeks.
650 #9 - HASŁO PRZEDMIOTOWE W FORMIE NAZWY OGÓLNEJ LUB JEDNOSTKOWEJ
Nazwa ogólna lub geograficzna Zarządzanie
Określnik ogólny teoria
650 #9 - HASŁO PRZEDMIOTOWE W FORMIE NAZWY OGÓLNEJ LUB JEDNOSTKOWEJ
Nazwa ogólna lub geograficzna Organizacja
Określnik ogólny teoria
700 1# - HASŁO DODATKOWE - NAZWA OSOBOWA
Nazwa osobowa DICHTL, E.
700 1# - HASŁO DODATKOWE - NAZWA OSOBOWA
Nazwa osobowa SCHWEITZER, M.
700 1# - HASŁO DODATKOWE - NAZWA OSOBOWA
Nazwa osobowa SCHWEITZER, M.
830 #0 - HASŁO DODATKOWE SERII LUB DOKUMENTU WIELOCZĘŚCIOWEGO - TYTUŁ UJEDNOLICONY
Tytuł ujednolicony Grundwissen der Ökonomik
830 #0 - HASŁO DODATKOWE SERII LUB DOKUMENTU WIELOCZĘŚCIOWEGO - TYTUŁ UJEDNOLICONY
Tytuł ujednolicony UTB für Wissenschaft ;
Oznaczenie tomu 1082
856 ## - LOKALIZACJA I DOSTĘP DO ELEKTRONICZNYCH DOKUMENTÓW ZDALNYCH
Link (URL) http://koha.tu.koszalin.pl/cgi-bin/koha/opac-detail.pl?biblionumber=30980
Tekst linku Katalog online BPK
942 ## - DODATKOWE ELEMENTY (KOHA)
Typ dokumentu Książka
Egzemplarze
Wycofany Status egzemplarza Uszkodzony Dostępność Lokalizacja stała Lokalizacja bieżąca Miejsce przechowywania Sygnatura Kod kreskowy Typ dokumentu
      Dostępny Biblioteka Politechniki Koszalińskiej Biblioteka Politechniki Koszalińskiej Wypożyczalnia BG 38021 01925500 Książka
© 2023 Biblioteka Politechniki Koszalińskiej :: KOHA